000 00669nam a2200265Ia 4500
005 20260121170528.0
008 008 260114s9999 xx 000 0 eng d
020 _a9781137575746
037 _aEBOOK
040 _aCRL
040 _beng
040 _cCRL
041 _2eng
041 _aeng
084 _qCRL
100 _aJason Warner, Timothy M. Shaw
_91065009
245 0 _aAfrican Foreign Policies in International Institutions
260 _bSpringer
260 _bSpringer
260 _c2018
856 _uhttps://link.springer.com/openurl?genre=book&isbn=978-1-137-57574-6
942 _cEBOOK
999 _c1630739
_d1630739